History Quiz

Random History or Country Quiz

World Leaders 2014 Quiz Stats

Quiz not verified by Sporcle

Challenge
Share
Tweet
Embed
Score 0/19 Timer 04:00
0 Plays Today
Leader Country % Correct
Barack ObamaUnited States
96.8%
Kim Jong-unNorth Korea
96.2%
Vladimir PutinRussia
96.2%
Raul CastroCuba
95.5%
Francois HollandeFrance
95.5%
Angela MerkelGermany
94.9%
Xi JinpingChina
93.6%
David CameronUnited Kingdom
93.6%
Stephen HarperCanada
91.7%
Bashar al-AssadSyria
89.7%
Leader Country % Correct
Shinzō AbeJapan
89.1%
Benjamin NetanyahuIsrael
87.8%
Tony AbbottAustralia
85.3%
Hassan RouhaniIran
77.6%
Enrique Peña NietoMexico
77.6%
Matteo RenziItaly
76.3%
John KeyNew Zealand
75%
Nouri al-MalikiIraq
69.2%
Nicolás MaduroVenezuela
64.1%

You're not logged in!

Compare scores with friends on all Sporcle quizzes.
Sign Up with Email
OR
Log In

You Might Also Like...

Show Comments

Extras

Top Quizzes Today


Score Distribution

Your Account Isn't Verified!

In order to create a playlist on Sporcle, you need to verify the email address you used during registration. Go to your Sporcle Settings to finish the process.